| 000 | 00912nam a22002777a 4500 | ||
|---|---|---|---|
| 003 | CHAP | ||
| 005 | 20220329134703.0 | ||
| 008 | 971013s1980 r 00010 d | ||
| 010 | _a24207 | ||
| 011 | _a25179 | ||
| 035 | _a29279 | ||
| 040 | _cCHAP | ||
| 082 |
_a574.82 _bI5 |
||
| 245 | _aIncuentro Sulle Tecniche de colture in vitro per la propazione su vasta siala delle specie ortoflorofrutticole | ||
| 260 |
_a(s.l.) : _bSocietá Orticola Italiana, _c(1980/) |
||
| 300 |
_a234 p. _b: ilus |
||
| 590 |
_aBATCH-UPD _b10 _c20130110 _lUCH01 _h1644 |
||
| 590 |
_aBATCH-UPD _b10 _c20130410 _lUCH01 _h1034 |
||
| 590 |
_aBATCH-UPD _b10 _c20130914 _lUCH01 _h1115 |
||
| 590 |
_aCONVERSION _b10 _c20130109 _lUCH01 _h1314 |
||
| 650 | 1 | 4 |
_aCultivo de tejidos. _930213 |
| 650 | 1 | 4 |
_aPropagación de árboles frutales. _992415 |
| 901 | _aBK | ||
| 942 | _cLIBRO | ||
| 949 |
_a574.82 I5 _bBC _cBPP _d-67673 _eBPP _h60247 _i29279 _mD _si |
||
| 999 |
_c24207 _d24207 |
||